000 00379nam a2200157Ia 4500
008 210210b1946 xxu||||| |||| 00| 0 eng d
041 _aeng
082 _a514/76
100 _aNOWLAN (F S)
245 _aAnalytic geometry
260 _aLondon
_bMcGraw Hill Book Company
_c1946
650 _ageometry
650 _aAnalytic
690 _aAnalytical Geometry
906 _a007522
999 _c140054
_d140054